The perfomance of anxiety: Greek narratives of war in Kosovo.

Bibliographic Details
Main Author: Brown, Keith
Other Authors: Theodossopoulos, Dimitrios
Format: Libro
Language:English
Published: Londres Turpin Distribution Services 2000

MARC

LEADER 00000cam a2200000 a 4500
001 025364
003 UAHC_CL
005 20170803122513.0
008 010809b xx j 000 1 eng
040 |a UAHC_CL  |c UAHC_CL  |d UAHC_CL 
100 1 |a Brown, Keith 
245 1 4 |a The perfomance of anxiety: Greek narratives of war in Kosovo. 
260 |a Londres  |b Turpin Distribution Services  |c 2000 
500 |a COLECCION REFERENCIA 
700 1 |a Theodossopoulos, Dimitrios 
900 |a ANTHROPOLOGY TODAY-1 
942 |c BK 
999 |c 25364  |d 25364